[Event "17. Open de Sants Hostafrancs 2015"]
[Site "Barcelona ESP"]
[Date "2015.08.30"]
[Round "10.42"]
[White "Malassagne, Isabelle"]
[Black "Aabling-Thomsen, Jakob"]
[Result "0-1"]
[WhiteElo "2171"]
[BlackElo "2333"]
[PlyCount "52"]
[EventDate "2015.08.21"]
[EventType "swiss"]
[EventRounds "10"]
[EventCountry "ESP"]
[SourceTitle "Ajedrez en Madrid"]
[Source "lmi"]
[SourceDate "2015.08.21"]

1. e4 c5 2. Nf3 d6 3. d4 cxd4 4. Nxd4 Nf6 5. Nc3 g6 6. Be3 Bg7 7. f3 O-O 8. Qd2
Nc6 9. g4 Be6 10. Nxe6 fxe6 11. O-O-O Ne5 12. Be2 Qc8 13. h4 Nfd7 14. f4 Nc4
15. Bxc4 Qxc4 16. e5 Rad8 17. h5 dxe5 18. f5 exf5 19. hxg6 f4 20. Nd5 hxg6 21.
Qf2 Nf6 22. Nxf6+ exf6 23. Bxa7 Qxa2 24. c3 Ra8 25. Qh2 Qa1+ 26. Kc2 Qa4+ 0-1

[Event "17. Open de Sants Hostafrancs 2015"]
[Site "Barcelona ESP"]
[Date "2015.08.30"]
[Round "10.43"]
[White "Lopez Mulet, Inigo"]
[Black "Carrasco Rodriguez, Jesus"]
[Result "1/2-1/2"]
[WhiteElo "2332"]
[BlackElo "2168"]
[PlyCount "70"]
[EventDate "2015.08.21"]
[EventType "swiss"]
[EventRounds "10"]
[EventCountry "ESP"]
[SourceTitle "Ajedrez en Madrid"]
[Source "lmi"]
[SourceDate "2015.08.21"]

1. d4 d5 2. c4 c6 3. Nf3 Nf6 4. g3 a6 5. Bg2 g6 6. Nc3 b5 7. cxd5 cxd5 8. Ne5
Bg7 9. Qb3 e6 10. a4 bxa4 11. Qa3 Bb7 12. Nxa4 Nbd7 13. O-O Nxe5 14. dxe5 Nd7
15. e4 dxe4 16. Rd1 Qe7 17. Qxe7+ Kxe7 18. Bg5+ Ke8 19. Rxd7 Kxd7 20. Nc5+ Kc7
21. Nxb7 Kxb7 22. Bxe4+ Kc7 23. Rc1+ Kb8 24. Bxa8 Kxa8 25. f4 Kb7 26. Rd1 Rc8
27. Be7 Kc7 28. b4 Ra8 29. Bd6+ Kb7 30. Bc5 Rc8 31. Kg2 f6 32. Rd6 Rc6 33. Rd7+
Rc7 34. Rd6 Rc6 35. Rd7+ Rc7 1/2-1/2

[Event "17. Open de Sants Hostafrancs 2015"]
[Site "Barcelona ESP"]
[Date "2015.08.30"]
[Round "10.44"]
[White "Colon Garcia, Enrique"]
[Black "Martorell Aguado, Joan"]
[Result "1-0"]
[WhiteElo "2328"]
[BlackElo "2165"]
[PlyCount "85"]
[EventDate "2015.08.21"]
[EventType "swiss"]
[EventRounds "10"]
[EventCountry "ESP"]
[SourceTitle "Ajedrez en Madrid"]
[Source "lmi"]
[SourceDate "2015.08.21"]

1. Nf3 Nf6 2. c4 e6 3. e3 d5 4. d4 Be7 5. Bd3 dxc4 6. Bxc4 O-O 7. O-O c5 8. Qe2
a6 9. a4 Nc6 10. Rd1 cxd4 11. exd4 b6 12. Nc3 Nb4 13. Ne5 Bb7 14. Bg5 Nbd5 15.
Rd3 Ne4 16. Qxe4 Bxg5 17. Rh3 g6 18. Nxf7 Rxf7 19. Qxe6 Qd7 20. Bxd5 Bxd5 21.
Qxd5 Qxd5 22. Nxd5 Rd8 23. Nxb6 Rxd4 24. b3 Rd2 25. Rf1 Be7 26. Nc4 Ra2 27. Rd3
Bb4 28. g3 Re7 29. Re3 Rf7 30. Rd3 Re7 31. Rfd1 Ree2 32. Rf3 Bc5 33. Rd8+ Kg7
34. Rd7+ Kg8 35. Rd8+ Kg7 36. Rd7+ Kg8 37. Rdf7 g5 38. g4 Re4 39. h3 h6 40. Rc7
Bd4 41. Rc8+ Kh7 42. Rf7+ Kg6 43. Nd6 1-0

[Event "17. Open de Sants Hostafrancs 2015"]
[Site "Barcelona ESP"]
[Date "2015.08.30"]
[Round "10.45"]
[White "Sochacki, Wojtek"]
[Black "Sorroche Martin, Jose Maria"]
[Result "1-0"]
[WhiteElo "2324"]
[BlackElo "2164"]
[PlyCount "49"]
[EventDate "2015.08.21"]
[EventType "swiss"]
[EventRounds "10"]
[EventCountry "ESP"]
[SourceTitle "Ajedrez en Madrid"]
[Source "lmi"]
[SourceDate "2015.08.21"]

1. e4 e6 2. d4 d5 3. Nc3 Bb4 4. e5 c5 5. a3 Bxc3+ 6. bxc3 Qc7 7. Qg4 f5 8. Qg3
Kf8 9. Bd2 Nc6 10. Nf3 Nge7 11. h4 Bd7 12. Bd3 Rc8 13. h5 h6 14. Qf4 Kg8 15. g4
Rf8 16. g5 Kf7 17. Rg1 Ke8 18. dxc5 Qa5 19. Nd4 a6 20. gxh6 gxh6 21. Rb1 Qxc5
22. Rxb7 Qxa3 23. Ke2 Qa5 24. Rg7 Bc8 25. Rgxe7+ 1-0

[Event "17. Open de Sants Hostafrancs 2015"]
[Site "Barcelona ESP"]
[Date "2015.08.30"]
[Round "10.47"]
[White "Mateus, Alejandro"]
[Black "Vidal, Llewellyn"]
[Result "1-0"]
[WhiteElo "2283"]
[BlackElo "2117"]
[PlyCount "65"]
[EventDate "2015.08.21"]
[EventType "swiss"]
[EventRounds "10"]
[EventCountry "ESP"]
[SourceTitle "Ajedrez en Madrid"]
[Source "lmi"]
[SourceDate "2015.08.21"]

1. e4 c6 2. c4 d5 3. exd5 Nf6 4. Nc3 cxd5 5. d4 Nc6 6. Nf3 Bg4 7. cxd5 Nxd5 8.
Qb3 Bxf3 9. gxf3 e6 10. Be3 Qb6 11. Bb5 Bb4 12. O-O Rd8 13. Nxd5 Rxd5 14. Bc4
Rh5 15. d5 Qc7 16. Rfd1 Qxh2+ 17. Kf1 exd5 18. Bxd5 Rxd5 19. Rxd5 O-O 20. Rad1
Re8 21. a3 Ba5 22. Qxb7 Ne5 23. Rxa5 Nc4 24. Rxa7 Nxe3+ 25. fxe3 Qh1+ 26. Ke2
Qg2+ 27. Kd3 Qg6+ 28. e4 h5 29. Ra8 Rxa8 30. Qxa8+ Kh7 31. Qd5 Qg2 32. Qxh5+
Kg8 33. Ke3 1-0

[Event "17. Open de Sants Hostafrancs 2015"]
[Site "Barcelona ESP"]
[Date "2015.08.30"]
[Round "10.48"]
[White "Guerrero Sierra, Juan Carlos"]
[Black "Salagran Ferragut, Guillem"]
[Result "0-1"]
[WhiteElo "2275"]
[BlackElo "2051"]
[PlyCount "150"]
[EventDate "2015.08.21"]
[EventType "swiss"]
[EventRounds "10"]
[EventCountry "ESP"]
[SourceTitle "Ajedrez en Madrid"]
[Source "lmi"]
[SourceDate "2015.08.21"]

1. e4 c5 2. Nf3 e6 3. Nc3 d6 4. d4 cxd4 5. Nxd4 Nf6 6. Be3 a6 7. f3 b5 8. Qd2
Nbd7 9. O-O-O Bb7 10. g4 Nb6 11. Qf2 Nfd7 12. Kb1 Rc8 13. Bd3 Rxc3 14. bxc3 Qc7
15. Ne2 Be7 16. h4 O-O 17. g5 Na4 18. h5 d5 19. g6 Ba3 20. gxh7+ Kh8 21. h6 g6
22. Bc1 Bxc1 23. Kxc1 Kxh7 24. exd5 Bxd5 25. Qd4 Rg8 26. Be4 Ndb6 27. Qf6 Bxa2
28. Rh4 e5 29. Qd6 Qa7 30. Qxe5 Nc4 31. Qd4 Qe7 32. Rg1 Ne5 33. Rh5 Rd8 34.
Rxe5 Qa3+ 35. Kd2 Rxd4+ 36. cxd4 Nb6 37. Bd3 Bc4 38. Nf4 Bxd3 39. cxd3 Kxh6 40.
Rc5 b4 41. Rc6 Qa2+ 42. Ke3 Nd5+ 43. Nxd5 Qxd5 44. Rxa6 Qb7 45. Ra2 Qe7+ 46.
Kf2 Qh4+ 47. Ke3 g5 48. Ra6+ Kg7 49. Rb6 Qf4+ 50. Ke2 Qh2+ 51. Kf1 Qd2 52. Rg3
Qxd3+ 53. Kg2 f6 54. Rg4 b3 55. Re4 Qc2+ 56. Kf1 Qc7 57. Ree6 b2 58. Rxf6 b1=Q+
59. Rxb1 Kxf6 60. Rd1 Qc2 61. Ke1 Kf5 62. Rd2 Qc3 63. Ke2 Kf4 64. Rd3 Qc2+ 65.
Rd2 Qc4+ 66. Rd3 Qd5 67. Kd2 Kg3 68. Ke3 Kg2 69. Rd2+ Kf1 70. Rd1+ Kg2 71. Rd2+
Kg3 72. Rd3 Qe6+ 73. Kd2 Qa2+ 74. Kd1 Qb1+ 75. Kd2 Kf2 0-1

[Event "17. Open de Sants Hostafrancs 2015"]
[Site "Barcelona ESP"]
[Date "2015.08.30"]
[Round "10.50"]
[White "Riff, Jean-Noel"]
[Black "Sanz Rodero, Mikel"]
[Result "1-0"]
[WhiteElo "2519"]
[BlackElo "2150"]
[PlyCount "98"]
[EventDate "2015.08.21"]
[EventType "swiss"]
[EventRounds "10"]
[EventCountry "ESP"]
[SourceTitle "Ajedrez en Madrid"]
[Source "lmi"]
[SourceDate "2015.08.21"]

1. e4 c5 2. Nf3 e6 3. Be2 Nc6 4. O-O Nf6 5. Nc3 Qc7 6. d4 cxd4 7. Nxd4 a6 8.
Be3 Bb4 9. Na4 Be7 10. Nxc6 bxc6 11. Nb6 Rb8 12. Nxc8 Qxc8 13. Bd4 c5 14. Be5
Rb6 15. b3 O-O 16. Bd3 d6 17. Bc3 d5 18. Ba5 Rc6 19. exd5 Nxd5 20. Qf3 Bd8 21.
Bd2 Bf6 22. Rad1 Rd8 23. a3 Rcd6 24. Rfe1 Bb2 25. Re4 Nc3 26. Bxc3 Bxc3 27. Rc4
Bb2 28. b4 Bxa3 29. Rxc5 Qd7 30. Rb1 Rd4 31. Rc4 Rxc4 32. Bxc4 Qd4 33. Qb3 a5
34. bxa5 Bc5 35. Rf1 g6 36. a6 Ba7 37. g3 h5 38. Be2 Rc8 39. Bd3 h4 40. Qb7 Rd8
41. Qf3 hxg3 42. hxg3 Kg7 43. Re1 Rb8 44. Re4 Rb1+ 45. Kg2 Qb2 46. Qf4 Qb6 47.
Rc4 Bb8 48. Qd4+ Qxd4 49. Rxd4 Ba7 {ilegible (53)} 1-0

[Event "17. Open de Sants Hostafrancs 2015"]
[Site "Barcelona ESP"]
[Date "2015.08.30"]
[Round "10.51"]
[White "Pile, Richard"]
[Black "Ciornei, Dragos"]
[Result "1/2-1/2"]
[WhiteElo "2419"]
[BlackElo "2136"]
[PlyCount "81"]
[EventDate "2015.08.21"]
[EventType "swiss"]
[EventRounds "10"]
[EventCountry "ESP"]
[SourceTitle "Ajedrez en Madrid"]
[Source "lmi"]
[SourceDate "2015.08.21"]

1. Nf3 Nf6 2. d4 g6 3. g3 Bg7 4. Bg2 O-O 5. O-O d6 6. a4 a5 7. Bf4 c6 8. Qc1
Re8 9. Bh6 Qc7 10. Bxg7 Kxg7 11. Re1 e5 12. e4 Bg4 13. Nbd2 Bxf3 14. Nxf3 Nbd7
15. c3 c5 16. d5 c4 17. Nd2 Nb6 18. Qc2 Nfd7 19. Bh3 Nc5 20. Bf1 Ncd7 21. Reb1
Rec8 22. Bh3 Ra7 23. Ra3 Re8 24. Bf1 Qc5 25. b4 cxb3 26. Raxb3 Rc8 27. Rb5 Qc7
28. Qb3 Ra6 29. Qa3 Nc5 30. R5b2 Nbxa4 31. Rb5 Rb6 32. Nc4 Rxb5 33. Rxb5 Ra8
34. f3 Ra6 35. Be2 h5 36. Bd1 Nb6 37. Nxd6 Qxd6 38. Qxc5 Qf6 39. Rb1 a4 40. Be2
Nd7 41. Qa3 1/2-1/2

[Event "17. Open de Sants Hostafrancs 2015"]
[Site "Barcelona ESP"]
[Date "2015.08.30"]
[Round "10.52"]
[White "Alcala Valiente, Juan Carlos"]
[Black "Roser, Kevin"]
[Result "0-1"]
[WhiteElo "2133"]
[BlackElo "2404"]
[PlyCount "52"]
[EventDate "2015.08.21"]
[EventType "swiss"]
[EventRounds "10"]
[EventCountry "ESP"]
[SourceTitle "Ajedrez en Madrid"]
[Source "lmi"]
[SourceDate "2015.08.21"]

1. d4 Nf6 2. c4 e6 3. Nc3 Bb4 4. Qb3 c5 5. dxc5 Nc6 6. Nf3 Ne4 7. Bd2 Nxd2 8.
Nxd2 O-O 9. e3 f5 10. a3 Bxc5 11. O-O-O b6 12. Nf3 Bb7 13. Be2 Qe7 14. Qc2 Rac8
15. Kb1 a6 16. Rc1 Na5 17. Nd2 Bd6 18. f3 Be5 19. b4 Nc6 20. Qb3 f4 21. Nce4
fxe3 22. Qxe3 d5 23. cxd5 exd5 24. Nf2 Nxb4 25. Qxb6 Nc6 26. Bxa6 Bd4 0-1

[Event "17. Open de Sants Hostafrancs 2015"]
[Site "Barcelona ESP"]
[Date "2015.08.30"]
[Round "10.53"]
[White "Majdan-Gajewska, Joanna"]
[Black "Nordenbaek, Jan"]
[Result "1-0"]
[WhiteElo "2391"]
[BlackElo "2134"]
[PlyCount "61"]
[EventDate "2015.08.21"]
[EventType "swiss"]
[EventRounds "10"]
[EventCountry "ESP"]
[SourceTitle "Ajedrez en Madrid"]
[Source "lmi"]
[SourceDate "2015.08.21"]

1. e4 e5 2. Nf3 Nc6 3. Bb5 f5 4. d3 fxe4 5. dxe4 Nf6 6. Bg5 d6 7. Nc3 Be7 8.
Qd3 Bg4 9. h3 Bxf3 10. Qxf3 O-O 11. Be3 Kh8 12. Qd1 a6 13. Be2 Qe8 14. Nd5 Bd8
15. Nxf6 Bxf6 16. Bh5 Qe7 17. Qd2 Nd4 18. g3 Ne6 19. h4 Rad8 20. O-O-O c6 21.
Bb6 Rd7 22. Qa5 Rc8 23. Bg4 Qe8 24. Qb4 d5 25. Qb3 Qf7 26. Rhe1 Bd8 27. exd5
Rxd5 28. Rxd5 cxd5 29. Rxe5 Bxb6 30. Qxb6 Qg6 31. Bf5 1-0

[Event "17. Open de Sants Hostafrancs 2015"]
[Site "Barcelona ESP"]
[Date "2015.08.30"]
[Round "10.54"]
[White "Delorme, Alban"]
[Black "Balague Camps, Marc"]
[Result "1-0"]
[WhiteElo "2331"]
[BlackElo "2115"]
[PlyCount "155"]
[EventDate "2015.08.21"]
[EventType "swiss"]
[EventRounds "10"]
[EventCountry "ESP"]
[SourceTitle "Ajedrez en Madrid"]
[Source "lmi"]
[SourceDate "2015.08.21"]

1. e4 c5 2. Nf3 e6 3. d4 cxd4 4. Nxd4 Nc6 5. Nb5 d6 6. Bf4 e5 7. Be3 a6 8. N5c3
Nf6 9. Bc4 Be7 10. Nd5 Nxd5 11. Bxd5 O-O 12. O-O Bg5 13. Bxg5 Qxg5 14. Qd2 Qg6
15. f3 Bd7 16. Nc3 Rad8 17. Nd1 Bc8 18. Ne3 Kh8 19. Rad1 Ne7 20. Qb4 b5 21. a4
Qg5 22. Rd3 Ng6 23. Ra3 Nf4 24. axb5 axb5 25. Kh1 Bd7 26. g3 Ne2 27. Qd2 Nd4
28. f4 Qh5 29. f5 b4 30. Ra7 Bb5 31. Rf2 Rb8 32. c3 bxc3 33. bxc3 Nc6 34. Ra1
Ne7 35. f6 gxf6 36. c4 Bd7 37. Rxf6 Bh3 38. Qf2 Nxd5 39. exd5 Rb7 40. g4 Bxg4
41. Rg1 Rg8 42. Qg2 Rb1 43. Rxb1 Be2 44. Rf5 Qh4 45. Qxe2 Qe4+ 46. Qf3 Qxb1+
47. Nf1 Qb6 48. Qf2 Qxf2 49. Rxf2 Rg4 50. Ne3 Re4 51. Rf3 Kg8 52. Kg2 f5 53.
Nxf5 Rxc4 54. Nxd6 Rd4 55. Nf5 Rd2+ 56. Rf2 Rd3 57. Kf1 Kf7 58. Ke2 e4 59. Nd6+
Kg6 60. Rf4 Rd4 61. Nf5 Ra4 62. d6 Kg5 63. d7 Ra8 64. Rxe4 Rd8 65. Ne3 Rxd7 66.
Rg4+ Kf6 67. Kf3 Rd3 68. h4 Ra3 69. Rb4 Kg6 70. Kf4 Kh5 71. Ng2 Ra8 72. Re4 Ra2
73. Re5+ Kh6 74. Kg3 Ra3+ 75. Ne3 Rb3 76. h5 Ra3 77. Kh4 Ra1 78. Nf5# 1-0

[Event "17. Open de Sants Hostafrancs 2015"]
[Site "Barcelona ESP"]
[Date "2015.08.30"]
[Round "10.55"]
[White "Morales, Jhon Alexander"]
[Black "Najart, David"]
[Result "1-0"]
[WhiteElo "2308"]
[BlackElo "2115"]
[PlyCount "59"]
[EventDate "2015.08.21"]
[EventType "swiss"]
[EventRounds "10"]
[EventCountry "ESP"]
[SourceTitle "Ajedrez en Madrid"]
[Source "lmi"]
[SourceDate "2015.08.21"]

1. c4 c5 2. Nf3 Nc6 3. Nc3 e5 4. g3 g6 5. d3 Bg7 6. Bg2 Nge7 7. Bg5 O-O 8. Bxe7
Nxe7 9. Nd2 d6 10. Rb1 Rb8 11. O-O Be6 12. b4 Qd7 13. bxc5 dxc5 14. Nde4 b6 15.
Ng5 Bf5 16. Nd5 Nc6 17. Ne4 f6 18. Re1 Kh8 19. Qa4 Nd4 20. Qxd7 Bxd7 21. Nd6
Bg4 22. Rb2 Kg8 23. a4 Rfd8 24. Nb5 Nxb5 25. axb5 Rd7 26. Ra2 Rf8 27. Rea1 Rff7
28. Nc3 Be6 29. Bc6 Rc7 30. Nd5 1-0

[Event "17. Open de Sants Hostafrancs 2015"]
[Site "Barcelona ESP"]
[Date "2015.08.30"]
[Round "10.57"]
[White "Dubois, Pierre"]
[Black "Jaksland, Tim"]
[Result "0-1"]
[WhiteElo "2117"]
[BlackElo "2292"]
[PlyCount "44"]
[EventDate "2015.08.21"]
[EventType "swiss"]
[EventRounds "10"]
[EventCountry "ESP"]
[SourceTitle "Ajedrez en Madrid"]
[Source "lmi"]
[SourceDate "2015.08.21"]

1. e4 c5 2. Nf3 e6 3. c3 d5 4. exd5 Qxd5 5. d4 Nf6 6. Be2 Nc6 7. O-O Qd8 8. Bg5
cxd4 9. cxd4 Be7 10. Nc3 O-O 11. Re1 Qb6 12. Qd2 Rd8 13. Rad1 Nb4 14. Ne5 Nc6
15. Nc4 Qxd4 16. Qc1 Qc5 17. a3 Nd4 18. Bf1 Nb3 19. Qf4 Rd4 20. Qg3 Rg4 21. Na4
Qxg5 22. Qc7 Ne8 0-1

[Event "17. Open de Sants Hostafrancs 2015"]
[Site "Barcelona ESP"]
[Date "2015.08.30"]
[Round "10.58"]
[White "Garcia Trobat, Francisco"]
[Black "Garcia-Castany Musellas, Gal.L"]
[Result "1-0"]
[WhiteElo "2273"]
[BlackElo "2107"]
[PlyCount "81"]
[EventDate "2015.08.21"]
[EventType "swiss"]
[EventRounds "10"]
[EventCountry "ESP"]
[SourceTitle "Ajedrez en Madrid"]
[Source "lmi"]
[SourceDate "2015.08.21"]

1. e4 e5 2. Nf3 Nc6 3. Bc4 Bc5 4. b4 Bb6 5. a4 a6 6. a5 Ba7 7. c3 Nf6 8. d3 h6
9. O-O O-O 10. Qb3 d6 11. h3 Ne7 12. Be3 Ng6 13. Nbd2 Nh5 14. d4 Qf6 15. Rfe1
Ngf4 16. Bf1 g5 17. dxe5 dxe5 18. Bxa7 Rxa7 19. Nh2 Rd8 20. Ndf3 Ra8 21. Rad1
Be6 22. Qc2 Ng7 23. Rxd8+ Rxd8 24. Rd1 Rxd1 25. Qxd1 h5 26. g3 Nxh3+ 27. Bxh3
Bxh3 28. Qd5 g4 29. Qxe5 Qc6 30. Nd2 Kh7 31. Nhf1 Kg6 32. Ne3 f6 33. Qd4 Qa4
34. Nd5 Ne8 35. Nf4+ Kf7 36. Kh2 Qb5 37. Nc4 Bf1 38. Ne3 Be2 39. c4 Qa4 40.
Qd5+ Kg7 41. Nf5+ 1-0

[Event "17. Open de Sants Hostafrancs 2015"]
[Site "Barcelona ESP"]
[Date "2015.08.30"]
[Round "10.59"]
[White "Porta Tovar, Guillem"]
[Black "Chalmeta Ugas, Ramon"]
[Result "1/2-1/2"]
[WhiteElo "2095"]
[BlackElo "2271"]
[PlyCount "98"]
[EventDate "2015.08.21"]
[EventType "swiss"]
[EventRounds "10"]
[EventCountry "ESP"]
[SourceTitle "Ajedrez en Madrid"]
[Source "lmi"]
[SourceDate "2015.08.21"]

1. e4 c5 2. Nf3 e6 3. d3 Nc6 4. g3 d6 5. Bg2 g6 6. O-O Bg7 7. c3 Nge7 8. Re1
O-O 9. Nbd2 b5 10. Nf1 Bb7 11. Ne3 Qd7 12. d4 cxd4 13. cxd4 Rac8 14. d5 Na5 15.
Nd4 e5 16. Ndf5 gxf5 17. Nxf5 Nxf5 18. Bh3 Ne3 19. Bxd7 Nxd1 20. Bxc8 Bxc8 21.
Rxd1 f5 22. f3 fxe4 23. fxe4 Bg4 24. Re1 Nb7 25. b4 a5 26. a3 Rc8 27. Rb1 a4
28. Bg5 Kf7 29. Rbc1 Rc4 30. Kf2 Kg6 31. Bd2 Rd4 32. Rc2 Nd8 33. Bc1 Nf7 34.
Rc7 Bf6 35. h4 Nd8 36. Ra7 Rc4 37. Ra6 Nf7 38. Rb6 Rc2+ 39. Kg1 Bf3 40. Rxb5
Kh5 41. Rb7 Nh8 42. Rxh7+ Kg4 43. Rh6 Bg7 44. Rh7 Bf6 45. Rh6 Kxg3 46. Rxf6
Rg2+ 47. Kf1 Rf2+ 48. Kg1 Rg2+ 49. Kf1 Rf2+ 1/2-1/2

[Event "17. Open de Sants Hostafrancs 2015"]
[Site "Barcelona ESP"]
[Date "2015.08.30"]
[Round "10.60"]
[White "Tuchenhagen, Axel"]
[Black "Martinez Lopez, Ivan"]
[Result "0-1"]
[WhiteElo "2116"]
[BlackElo "2267"]
[PlyCount "84"]
[EventDate "2015.08.21"]
[EventType "swiss"]
[EventRounds "10"]
[EventCountry "ESP"]
[SourceTitle "Ajedrez en Madrid"]
[Source "lmi"]
[SourceDate "2015.08.21"]

1. d4 Nf6 2. c4 g6 3. Nc3 Bg7 4. e4 d6 5. Nge2 O-O 6. Ng3 c5 7. d5 Na6 8. Be2
Nc7 9. O-O a6 10. Rb1 b5 11. b3 Bd7 12. Qc2 h5 13. Re1 h4 14. Nf1 b4 15. Na4
Rb8 16. Nd2 h3 17. g3 e6 18. Bb2 e5 19. Rf1 Ng4 20. Bxg4 Bxg4 21. Rbe1 Bh6 22.
Bc1 Bxd2 23. Bxd2 Bf3 24. Ra1 f5 25. exf5 Rxf5 26. Nb2 Qf6 27. Nd1 Bxd1 28.
Qxd1 Rf3 29. Bf4 e4 30. Re1 Re8 31. Re3 g5 32. Rxf3 exf3 33. Be3 Re5 34. Rc1
Ne8 35. Qd2 Qf5 36. Kf1 Nf6 37. Re1 Ng4 38. Kg1 Kf7 39. Qd1 Nxe3 40. Rxe3 Rxe3
41. fxe3 g4 42. Kf2 Qe4 0-1

[Event "17. Open de Sants Hostafrancs 2015"]
[Site "Barcelona ESP"]
[Date "2015.08.30"]
[Round "10.61"]
[White "Caille, Hugo"]
[Black "Pozanco Romasanta, Marc"]
[Result "1-0"]
[WhiteElo "2255"]
[BlackElo "2111"]
[PlyCount "77"]
[EventDate "2015.08.21"]
[EventType "swiss"]
[EventRounds "10"]
[EventCountry "ESP"]
[SourceTitle "Ajedrez en Madrid"]
[Source "lmi"]
[SourceDate "2015.08.21"]

1. e4 g6 2. d4 Bg7 3. Nc3 c6 4. Be3 d5 5. f3 Nf6 6. e5 Ng8 7. Qd2 h5 8. O-O-O
Nh6 9. Bd3 Nf5 10. Bxf5 Bxf5 11. Nge2 Qa5 12. Rdg1 Na6 13. g4 hxg4 14. fxg4 Bd7
15. Kb1 b5 16. Nf4 e6 17. Nd3 b4 18. Ne2 c5 19. Nxc5 Nxc5 20. dxc5 Bxe5 21. Bd4
Qc7 22. Bxe5 Qxe5 23. Nf4 d4 24. Nd3 Qc7 25. h4 a5 26. h5 gxh5 27. Qg5 Bb5 28.
gxh5 Bxd3 29. cxd3 Qe7 30. Qg7 O-O-O 31. h6 Qd7 32. c6 Qc7 33. h7 f5 34. Qf6
Rxh7 35. Rxh7 Qxh7 36. Qxe6+ Kb8 37. Qe5+ Qc7 38. Qb5+ Ka7 39. Rg7 1-0

[Event "17. Open de Sants Hostafrancs 2015"]
[Site "Barcelona ESP"]
[Date "2015.08.30"]
[Round "10.62"]
[White "Parals Marce, Luis"]
[Black "Mingarro Carceller, Sergi"]
[Result "0-1"]
[WhiteElo "2093"]
[BlackElo "2255"]
[PlyCount "66"]
[EventDate "2015.08.21"]
[EventType "swiss"]
[EventRounds "10"]
[EventCountry "ESP"]
[SourceTitle "Ajedrez en Madrid"]
[Source "lmi"]
[SourceDate "2015.08.21"]

1. c4 f5 2. g3 Nf6 3. Bg2 g6 4. Nf3 Bg7 5. Nc3 O-O 6. O-O d6 7. d3 Nc6 8. Rb1
e5 9. b4 h6 10. b5 Ne7 11. Nd2 g5 12. a4 Rb8 13. a5 b6 14. Ba3 Be6 15. Qb3 h5
16. axb6 axb6 17. Nd5 h4 18. Bb2 hxg3 19. fxg3 Ng4 20. Nf3 Bxd5 21. cxd5 Bf6
22. Bc1 Ng6 23. h3 Nh6 24. h4 f4 25. h5 Ne7 26. gxf4 gxf4 27. e3 fxe3 28. Bxe3
Ng4 29. Bg5 Bxg5 30. Nxg5 Nf5 31. Nh3 Qh4 32. d4 Nfe3 33. Qd3 Qg3 0-1

[Event "17. Open de Sants Hostafrancs 2015"]
[Site "Barcelona ESP"]
[Date "2015.08.30"]
[Round "10.63"]
[White "Ossa, Orlando"]
[Black "Dominguez Rueda, Juan"]
[Result "1-0"]
[WhiteElo "2249"]
[BlackElo "2104"]
[PlyCount "79"]
[EventDate "2015.08.21"]
[EventType "swiss"]
[EventRounds "10"]
[EventCountry "ESP"]
[SourceTitle "Ajedrez en Madrid"]
[Source "lmi"]
[SourceDate "2015.08.21"]

1. Nf3 d6 2. c4 e5 3. Nc3 f5 4. d3 Nf6 5. g3 Be7 6. Bg2 O-O 7. O-O Qe8 8. b4
Nc6 9. Qb3 Kh8 10. a4 a5 11. b5 Nd8 12. Nd5 Ne6 13. Ba3 Nd7 14. Qb2 Bd8 15.
Rac1 Ndc5 16. Qc2 Qh5 17. e3 c6 18. Nc3 Be7 19. d4 e4 20. Ne1 f4 21. gxf4 Rf6
22. f3 Nd3 23. Nxe4 Rh6 24. Qxd3 Qxh2+ 25. Kf2 Bh4+ 26. Ke2 Rg6 27. Nf2 Bd7 28.
Kd1 d5 29. cxd5 cxd5 30. Rh1 Qg3 31. Ng4 Re8 32. Ne5 Nxf4 33. exf4 Kg8 34. Kc2
Qxf4 35. Kb3 Bf5 36. Rxh4 Qg5 37. f4 Qf6 38. Bxd5+ Be6 39. Bxe6+ Qxe6+ 40. Qc4
1-0

[Event "17. Open de Sants Hostafrancs 2015"]
[Site "Barcelona ESP"]
[Date "2015.08.30"]
[Round "10.64"]
[White "Moratinos Izquierdo, Francisco"]
[Black "Gonzalez Valero, Julio"]
[Result "0-1"]
[WhiteElo "2035"]
[BlackElo "2246"]
[PlyCount "58"]
[EventDate "2015.08.21"]
[EventType "swiss"]
[EventRounds "10"]
[EventCountry "ESP"]
[SourceTitle "Ajedrez en Madrid"]
[Source "lmi"]
[SourceDate "2015.08.21"]

1. d4 d5 2. c4 c6 3. cxd5 cxd5 4. Nf3 Nf6 5. g3 Nc6 6. Bg2 Bf5 7. O-O e6 8. Nc3
Bd6 9. Nh4 Bg4 10. h3 Bh5 11. g4 Bg6 12. Nxg6 hxg6 13. Bg5 Rc8 14. e4 dxe4 15.
d5 exd5 16. Bxf6 gxf6 17. Qxd5 Be5 18. Qxe4 Kf8 19. Rad1 Qc7 20. Nb5 Qe7 21.
Rfe1 Kg7 22. f4 Qc5+ 23. Kh1 Qxb5 24. fxe5 Nxe5 25. g5 Rh5 26. Rd5 Qxb2 27.
gxf6+ Kxf6 28. Rf1+ Kg7 29. Rf4 Rc4 0-1

[Event "17. Open de Sants Hostafrancs 2015"]
[Site "Barcelona ESP"]
[Date "2015.08.30"]
[Round "10.65"]
[White "Guennoun, Anthony"]
[Black "Schnelzer, Reinhold"]
[Result "0-1"]
[WhiteElo "2086"]
[BlackElo "2230"]
[PlyCount "76"]
[EventDate "2015.08.21"]
[EventType "swiss"]
[EventRounds "10"]
[EventCountry "ESP"]
[SourceTitle "Ajedrez en Madrid"]
[Source "lmi"]
[SourceDate "2015.08.21"]

1. e4 d5 2. exd5 Qxd5 3. Nf3 Bg4 4. Be2 Nc6 5. O-O O-O-O 6. h3 Bxf3 7. Bxf3 Qd7
8. g3 Ne5 9. d4 Nxf3+ 10. Qxf3 e6 11. Be3 Nf6 12. c4 Qa4 13. b3 Qa5 14. c5 c6
15. Nd2 Qc7 16. Nc4 Nd5 17. Rab1 Nxe3 18. fxe3 f6 19. b4 Qd7 20. Na5 Qd5 21.
Qe2 Rd7 22. b5 Rc7 23. bxc6 bxc6 24. Qa6+ Kd7 25. Rb8 Qe4 26. Nc4 h5 27. Rfb1
Be7 28. R1b7 Rxb8 29. Rxb8 e5 30. Rb7 exd4 31. Rxc7+ Kxc7 32. Qxa7+ Kd8 33.
Qb8+ Kd7 34. Nb6+ Ke6 35. Qg8+ Kf5 36. Qc8+ Kg5 37. exd4 Qxd4+ 38. Kh1 Bxc5 0-1